Deux premières lettres de départements les plus courantes - Statistiques

Statistiques générales
  • Ce quiz a été pris 91 fois
  • Le résultat moyen est 7 sur 10
Statistiques - réponses
Nombre Deux premières
lettres
Exemples % Correct
7 Lo Loir-et-Cher, Loire, Lozère...
91%
11 Ha Haute-Garonne, Haute-Marne, Haute-Vienne...
87%
6 Ma Maine-et-Loire, Marne, Mayenne...
87%
4 Co Corrèze, Corse-du-Sud, Côte d'Or...
82%
3 Al Allier, Alpes-de-Haute-Provence, Alpes-Maritimes
81%
3 Se Seine-et-Marne, Seine-Maritime, Seine-Saint-Denis
70%
3 Sa Saône-et-Loire, Sarthe, Savoie
68%
3 Ar Ardèche, Ardennes, Ariège
65%
3 Ch Charente, Charente-Maritime, Cher
60%
4 Va Val d'Oise, Var, Vaucluse...
58%
Aucun quiz correspondant
Distribution des résultats
% des personnes avec chaque résultat
Percentile par nombre de réponses
Votre historique - résultats
Vous n’avez pas pris ce quiz